<?xml version="1.0" encoding="UTF-8"?>
<collection xmlns="http://www.loc.gov/MARC21/slim">
 <record>
  <leader>02022nam a2200217 a 4500</leader>
  <controlfield tag="001">TVCDKTCT11203</controlfield>
  <controlfield tag="003">Thư viện trường Cao đẳng Kỹ thuật Cao Thắng</controlfield>
  <controlfield tag="005">20090824000000</controlfield>
  <controlfield tag="008">090824</controlfield>
  <datafield tag="980" ind1="\" ind2="\">
   <subfield code="a">Thư viện Trường CĐ Kỹ Thuật Cao Thắng</subfield>
  </datafield>
  <datafield tag="024" ind1=" " ind2=" ">
   <subfield code="a">RG_1 #1 eb0 i1</subfield>
  </datafield>
  <datafield tag="041" ind1="0" ind2="#">
   <subfield code="a">vie</subfield>
  </datafield>
  <datafield tag="082" ind1="#" ind2="#">
   <subfield code="a">657.45 / </subfield>
   <subfield code="b">NH556Q-l</subfield>
  </datafield>
  <datafield tag="100" ind1="1" ind2="#">
   <subfield code="a">Lê Thành Châu</subfield>
  </datafield>
  <datafield tag="245" ind1="0" ind2="0">
   <subfield code="a">Những quy định về Kiểm toán và Kế toán /</subfield>
   <subfield code="c">Lê Thành Châu</subfield>
  </datafield>
  <datafield tag="260" ind1="#" ind2="#">
   <subfield code="a">H. :</subfield>
   <subfield code="b">Nhà xuất bản Thống kê ,</subfield>
   <subfield code="c">1996</subfield>
  </datafield>
  <datafield tag="300" ind1="#" ind2="#">
   <subfield code="a">374tr. ;</subfield>
   <subfield code="c">28cm</subfield>
  </datafield>
  <datafield tag="520" ind1="#" ind2="#">
   <subfield code="a">Trong nền kinh tế thị trường, vai trò của kiểm tóan và kế tóan giữ một vị trí đặc biệt quan trọng. Để góp phần tăng cường quản lý kinh tế- tài chính của các cấp, các ngành, thực hiện việc kiểm kê, kiểm sóat của Nhà nước đối với họat động sản xuất kinh doanh của các thành phần kinh tế; khai thác các tiềm năng của đất nước và xác định về tính đúng đắn, hợp lý của các tài liệu, số liệu kế tóan, báo cáo quyết tóan của các doanh nghiệp, các cơ quan tổ chức đòan thể, tổ chức xã hội, Nhà nước đã ban hành nhiều văn bản pháp luật có liên quan đến lĩnh vực kiểm tóan và kế toán.</subfield>
  </datafield>
  <datafield tag="520" ind1="#" ind2="#">
   <subfield code="a">Nội dung cuốn sách sưu tập và hệ thống hóa các văn bản pháp luật về: Quy chế kiểm tóan độc lập trong nền kinh tế quốc dân, Tổ chức kế tóan Nhà nước, Chế độ kế tóan donh nghiệp áp dụng từ ngày 1-1-1996... và xử lý những vi phạm hành chính trong lĩnh vực kế toán.</subfield>
  </datafield>
  <datafield tag="650" ind1="#" ind2="4">
   <subfield code="a">Kiểm toán</subfield>
  </datafield>
  <datafield tag="650" ind1="#" ind2="4">
   <subfield code="a">Kế toán</subfield>
  </datafield>
 </record>
</collection>
